| 000 | 00447cam a2200157 4500 | ||
|---|---|---|---|
| 001 | BUCI008699 | ||
| 008 | s1954 bl c spa | ||
| 035 | _aBUCI008699 | ||
| 050 | 0 | 0 |
_aF2708 _bC42 1954 |
| 100 | 1 | _aChebataroff, Jorge | |
| 245 | 1 | 0 |
_aRepública Oriental del Urugay / _cJorge Chebataroff. |
| 260 |
_aBrasil : _bIPGH, _c1954 |
||
| 300 |
_a87 p., 3 h. plegs. ; _c16 - |
||
| 440 | 0 | _aManual de geografía ; 199-II | |
| 942 |
_2lcc _cLIB |
||
| 999 |
_c87472 _d87472 |
||